LEADER 01614nam 2200457 450 001 9910145733103321 005 20230721004850.0 010 $a1-5090-7777-4 010 $a1-4244-2017-2 035 $a(CKB)1000000000710880 035 $a(SSID)ssj0000453202 035 $a(PQKBManifestationID)12169727 035 $a(PQKBTitleCode)TC0000453202 035 $a(PQKBWorkID)10481160 035 $a(PQKB)10337187 035 $a(WaSeSS)IndRDA00093378 035 $a(WaSeSS)IndRDA00119573 035 $a(EXLCZ)991000000000710880 100 $a20200304d2008 uy 0 101 0 $aeng 135 $aur||||||||||| 181 $ctxt 182 $cc 183 $acr 200 10$a3rd IEEE Symposium on New Frontiers in Dynamic Spectrum Access Networks $eChicago, Illinois, USA, 14-17 October 2008 /$fcompiled by Institute of Electrical and Electronics Engineers 210 1$aPiscataway, New Jersey :$cInstitute of Electrical and Electronics Engineers,$d2008. 215 $a1 online resource (250 pages) 300 $aBibliographic Level Mode of Issuance: Monograph 311 $a1-4244-2016-4 606 $aSpread spectrum communications$vCongresses 606 $aRadio frequency allocation$vCongresses 615 0$aSpread spectrum communications 615 0$aRadio frequency allocation 676 $a621.382 712 02$aInstitute of Electrical and Electronics Engineers, 801 0$bWaSeSS 801 1$bWaSeSS 906 $aPROCEEDING 912 $a9910145733103321 996 $a3rd IEEE Symposium on New Frontiers in Dynamic Spectrum Access Networks$92539605 997 $aUNINA LEADER 01490nas 2200361 n 450 001 990008968600403321 005 20240229084441.0 011 $a1723-5448 035 $a000896860 035 $aFED01000896860 035 $a(Aleph)000896860FED01 035 $a000896860 091 $2CNR$aP 00216792 100 $a20161109c1910uuuukm-y0itaa50------ba 101 0 $aita 102 $aIT 110 $aauu-------- 200 1 $aGiornale delle conserve alimentari 207 1$a1910-0 210 $aNapoli$c[s.n.] 326 $aMensile 530 0 $aGiornale delle conserve alimentari 675 $a641 801 0$aIT$bACNP$c20090723 859 4 $uhttp://acnp.cib.unibo.it/cgi-ser/start/it/cnr/dc-p1.tcl?catno=2170513&person=false&language=ITALIANO&libr=&libr_th=unina1$zBiblioteche che possiedono il periodico 901 $aSE 912 $a990008968600403321 958 $aBiblioteca Centralizzata. Facoltà di Agraria dell'Università Federico II di Napoli$b1910-1918;$c1918;$fFAGBC 959 $aFAGBC 996 $aGiornale delle conserve alimentari$9795713 997 $aUNINA AP1 8 $6866-01$aNA087 Biblioteca Centralizzata. Facoltà di Agraria dell'Università Federico II di Napoli$ev. Università, 100 Palazzo Reale, 80055 Portici (NA)$m081-2539322$m081-7760229$nit AP2 40$aacnp.cib.unibo.it$nACNP Italian Union Catalogue of Serials$uhttp://acnp.cib.unibo.it/cgi-ser/start/it/cnr/df-p.tcl?catno=2170513&language=ITALIANO&libr=&person=&B=1&libr_th=unina&proposto=NO